Detalles MARC
| 000 -LÍDER |
| Campo fijo de descripción fija |
01413nam a2200301 i 4500 |
| 001 - NÚMERO DE CONTROL |
| Campo de control |
768714001 |
| 003 - IDENTIFICADOR DEL NÚMERO DE CONTROL |
| Campo de control |
CO-MdFUSB |
| 005 - FECHA Y HORA DE LA ULTIMA TRANSACCIÓN |
| control field |
20220221161455.0 |
| 007 - CAMPO FIJO DE DESCRIPCIÓN FIJA--INFORMACIÓN GENERAL |
| Campo fijo de descripción fija |
ta |
| 008 - ELEMENTOS DE LONGITUD FIJA -- INFORMACIÓN GENERAL |
| Campo fijo de descripción fija -- Información general |
211116t1991 mx |||| |||| 00| 0 spa |
| 020 ## - NÚMERO INTERNACIONAL NORMALIZADO PARA LIBROS |
| Número Internacional Normalizado del libro |
[No incluye ISBN] |
| 040 ## - FUENTE DE CATALOGACIÓN |
| Agencia de catalogación original |
CO-MdFUSB |
| Idioma de catalogación |
spa |
| Agencia que realiza la transcripción |
CO-MdFUSB |
| Agencia que realiza la modificación |
CO-MdFUSBC |
| Convenciones de la descripción |
rda |
| 041 ## - CÓDIGO DE IDIOMA |
| Código de idioma para texto/pista de sonido o título separado |
spa |
| 082 ## - NÚMERO DE CLASIFICACIÓN DECIMAL DEWEY |
| Número de la edición del Dewey |
23 |
| Número de clasificación |
264.001 |
| Clave de autor-Numero de item |
B645 |
| 100 ## - ASIENTO PRINCIPAL--NOMBRE PERSONAL |
| Nombre personal |
Blavatsky, H.P., |
| Término relacionador |
autor |
| 245 #4 - TÍTULO |
| Título del Material |
Los orígenes del ritual en la iglesia y en la masonería |
| Mención de responsabilidad, etc. |
/ H. P. Blavatsky ; traducido por Salvador Valera |
| 264 #0 - PRODUCCIÓN, PUBLICACIÓN, DISTRIBUCIÓN, MANUFACTURA, Y COPYRIGHT |
| Lugar de producción, publicación, distribución, manufactura |
México : |
| Nombre del productor, publicador, distribuidor |
Herbasa, |
| Fecha de producción, publicación, distribución, manufactura, o copyright |
[1991] |
| 300 ## - DESCRIPCIÓN FÍSICA |
| Extensión |
113 páginas |
| Dimensiones |
; 17 cm |
| 336 ## - TIPO DE CONTENIDO |
| Fuente |
rdacontent |
| Término de tipo de contenido |
texto |
| Código de tipo de contenido |
txt |
| 337 ## - TIPO DE MEDIO |
| Fuente |
rdamedia |
| Nombre del tipo de medio |
sin mediación |
| Código del tipo de medio |
n |
| 338 ## - TIPO DE SOPORTE |
| Fuente |
rdacarrier |
| Nombre del tipo de soporte |
volumen |
| Código Tipo de soporte |
nc |
| 505 ## - NOTA DE CONTENIDO |
| Nota de contenido con formato preestablecido |
Ni infieles, ni ateos. -- El símbolo de la Virgen María. -- Origen de la palabra "Dios". -- Las verdades de la religión de la Sabiduría. -- El símbolo de G. A. D. U. -- Los altares y las piedras cuadradas. -- Del método solar. -- Los grandes misterios. -- Decadencia de los Misterios. -- Significación del descenso a los infiernos. -- El Cristianismo se deriva de la Masonería. -- La representación de Baco y de Seres. -- Las letanías de la Virgen María. -- Los constructores del templo superior. |
| 563 ## - NOTA DE ENCUADERNACIÓN |
| Nota de encuadernación |
Rústico |
| 650 #0 - ASIENTO SECUNDARIO DE MATERIA - TERMINO TEMÁTICO |
| 9 (RLIN) |
1247 |
| Término temático o nombre geográfico como elemento de entrada |
Cristianismo y otras religiones |
| 700 ## - ASIENTO SECUNDARIO - NOMBRE PERSONAL |
| 9 (RLIN) |
5898 |
| Nombre personal |
Valera, Salvador. |
| Responsabilidad |
traductor |
| 942 ## - TIPO DE MATERIAL (KOHA) |
| Tipo de Item KOHA |
Libros General |
| 945 ## - INFORMACIÓN LOCAL DEL REGISTRO |
| Catalogador |
JTF-925 |